Normal view
MARC view
- W.L.Hill, Charles, Hult, G.Tomas M
Entry Personal Name
001 - CONTROL NUMBER
- control field: 5917
003 - CONTROL NUMBER IDENTIFIER
- control field: JO-AjAnu
005 - DATE AND TIME OF LATEST TRANSACTION
- control field: 20230606071248.0
008 - FIXED-LENGTH DATA ELEMENTS
- fixed length control field: 230606|| aca||aabn | a|a d
040 ## - CATALOGING SOURCE
- Original cataloging agency: JO-AjAnu
- Transcribing agency: JO-AjAnu
100 ## - HEADING--PERSONAL NAME
- Personal name: W.L.Hill, Charles, Hult, G.Tomas M
670 ## - SOURCE DATA FOUND
- Source citation: Work cat.: (JO-AjAnu)3067: W.L.Hill, Charles, Hult, G.Tomas M, author, Global Business Today